| 000 | 00865cam a2200241 4500 | ||
|---|---|---|---|
| 001 | WS107571 | ||
| 008 | 000000n 000 0 eng u | ||
| 035 | _a(Sirsi) u107571 | ||
| 041 | 0 | _aeng | |
| 110 |
_aEngland and Wales _bLaw Commission _93302 |
||
| 245 |
_aLaw Commission _h[electronic resource] |
||
| 520 | _aWeb site detailing this organisation's work and outlines law currently being reviewed by them. It allows you to access summaries of recent consultation papers and reports, or to browse the full version or download it. | ||
| 650 | _aCONSULTATION PAPERS | ||
| 650 | _aLEGISLATION | ||
| 650 | _aCOMMON LAW | ||
| 650 | _aCOMPANY LAW | ||
| 650 | _aPROPERTY LAW | ||
| 650 | _aCOMMERCIAL LAW | ||
| 650 | _aTRUST LAW | ||
| 690 | _aLAW | ||
| 856 | 4 | 0 |
_uhttps://www.lawcom.gov.uk _zView the website free of charge at www.lawcom.gov.uk... |
| 942 | _n0 | ||
| 999 |
_c119562 _d119562 |
||